| 000 | 00794nam a2200229Ii 4500 | ||
|---|---|---|---|
| 003 | JO-AjNU | ||
| 008 | 230605s9999||||xx |||||||||||||| ||und|| | ||
| 017 | _a2014/7/3523 | ||
| 020 | _a978-9957-94-126-0 | ||
| 040 |
_aJO-AjNU _bara _erda _cJO-AjNU |
||
| 041 | _aara | ||
| 050 | 1 | 4 | _aBP697.5 2014 |
| 100 | 3 |
_aالسعودي، خالد عطية, _eauthor _949202 |
|
| 245 | 0 | 0 | _aمهارات الحياة : إضاءات في مسيرة التميز والإبداع |
| 250 | _aط1 | ||
| 264 | 3 | 1 | _aعمان: وزارة الثقافة، 2014 |
| 300 |
_a214ص _bالمصادر والمراجع ص 209-214 |
||
| 336 |
_atext _btxt _2rdacontent |
||
| 337 |
_aunmediated _bn _2rdamedia |
||
| 338 |
_avolume _bnc _2rdacarrier |
||
| 650 | 4 |
_aالنجاح الشخصي- جوانب نفسية _949203 |
|
| 999 |
_aA21596 _c25164 _d25164 |
||